Бухгалтерская отчетность организации Учебное пособие
Сохранить в:
| Главный автор: | |
|---|---|
| Формат: | Учебное пособие |
| Редакция: | 1 |
| Online-ссылка: | https://znanium.com/catalog/document?id=79810 https://znanium.com/cover/0087/87267.jpg |
| Метки: |
Добавить метку
Нет меток, Требуется 1-ая метка записи!
|
| LEADER | 01406nam0a2200289 i 4500 | ||
|---|---|---|---|
| 001 | RU\infra-m\znanium\bibl\87267 | ||
| 003 | https://znanium.com/catalog/document?id=79810 | ||
| 005 | 20250617000000.0 | ||
| 010 | |a 978-5-98538-003-3 | ||
| 100 | |a 20250617d2011 m y0rusy0150 ca | ||
| 101 | 0 | |a rus | |
| 102 | |a RU | ||
| 200 | 1 | |a Бухгалтерская отчетность организации |e Учебное пособие | |
| 205 | |a 1 | ||
| 210 | 1 | |a Москва |c Институт профессиональных бухгалтеров России (ИПБ России) |d 2005 | |
| 215 | |a 363 с. | ||
| 333 | |a ВО - Бакалавриат | ||
| 606 | |a Экономика. Бухгалтерский учет. Финансы |x Бухгалтерский учет на предприятии |2 local | ||
| 608 | |a Учебное пособие |2 local | ||
| 675 | |a 657.1 |z rus | ||
| 686 | |a 65.052 |2 rubbk | ||
| 686 | |a 38.03.01 |2 okso | ||
| 686 | |a 38.03.02 |2 okso | ||
| 700 | 1 | |a Сотникова |b Л.В. |g Людмила Викторовна | |
| 801 | 0 | |a RU |b Общество с ограниченной ответственностью «ЗНАНИУМ» |c 20041130 |2 rusmarc | |
| 856 | 4 | |a znanium.com |m ebs_support@infra-m.ru |n НИЦ ИНФРА-М |u https://znanium.com/catalog/document?id=79810 | |
| 856 | 4 | 1 | |a znanium.com |d /cover/0087 |f 87267.jpg |q image/jpeg |u https://znanium.com/cover/0087/87267.jpg |